01096 2200325 4500001002100000005001500021035002000036007000300056008004100059020002200100082001600122084001800138100004100156245016400197250003500361300003800396650002900434700003100463700003800494264003200532336002100564337003000585338002300615040002200638090002200660850001200682504003200694999002200726990002200748INLIS00000000089583620250505113216 a0010-0525000082ta250505s2024 yoia g ind d a978-623-02-9757-104223a628.542 a628.542 SEP m0 aSeptiono Bangun SugihartoePengarang10aMerkuri di wilayah tambang emas tradisional :bdampak lingkungan dan kesehatan masyarakat /cSeptiono Bangun Sugiharto, Saudin Yuniarno, Agnes Fitria Widiyanto aCetakan pertama, Desember 2024 ax, 107 halaman :bgambar ;c23 cm 4aPertambangan, Pencemaran0 aSaudin YuniarnoePengarang0 aAgnes Fitria WidiyantoePengarang31aSleman :bDeepublish,c2024 2rdacontentateks 2rdamediaatanpa perantara 2rdacarrieravolume aYOPDYOGbinderda aCB-D.11 2024-6404 aYOPDYOG aBibliografi : halaman 58-63 aCB-D.11/2024-6404 aCB-D.11/2024-6404